2000 câu đàm thoại tiếng anh cho mọi tình huống

Na minha lista:
Detalhes bibliográficos
Autor principal: Lê, Huy Lâm
Formato: Livro
Idioma:Undetermined
Publicado em: Thành phố Hồ Chí Minh Nhà xuất bản Thành phố Hồ Chí Minh 2003
Assuntos:
Tags: Adicionar Tag
Sem tags, seja o primeiro a adicionar uma tag!
Thư viện lưu trữ: Trung tâm Học liệu Trường Đại học Cần Thơ
LEADER 00646nam a2200193Ia 4500
001 CTU_64998
008 210402s9999 xx 000 0 und d
020 |c 38000 
082 |a 428.24 
082 |b L120 
100 |a Lê, Huy Lâm 
245 0 |a 2000 câu đàm thoại tiếng anh cho mọi tình huống 
245 0 |c Lê Huy Lâm; Phạm Văn Sáng biên dịch 
260 |a Thành phố Hồ Chí Minh 
260 |b Nhà xuất bản Thành phố Hồ Chí Minh 
260 |c 2003 
650 |a English language 
904 |i Trúc Phương,Hải 
980 |a Trung tâm Học liệu Trường Đại học Cần Thơ